000 00431nam a2200157Ia 4500
008 240827s9999 xx 000 0 und d
020 _a9783110746228
082 _a006.3
_bD79A
100 _aDrath,Rainer (Editor)
245 0 _aAutomation ML
260 _aBerlin
_bDe Gruyter
_c2021
300 _axiv, 275p
500 _aAutomationMachine LearningArtificial Intelligence
650 _aComputer Science Engineering
942 _cBK
999 _c27125
_d27125